01389nam a22002057a 45000010005000000030006000050050017000110080041000280200018000690400029000870500022001160820011001381000021001492450081001702500036002512600034002873000024003215200798003456500040011439629FISKH20260126161042.0260126b cb ||||| |||| 00| 0 eng d a9781250169440 aFISKHbengcFISKHdFISKH aPS3601 .C525 .C35 a813.6  aAciman, André  aCall me by your name /cA Novel By Andre Aciman ; A film by Luca Guadagnino  aThis edition published in 2017  aNew York : bPicador, c2007  a248 pages :c21 cm  aCall Me by Your Name is the story of a sudden and powerful romance that blossoms between an adolescent boy and a summer guest at his parents' house, a cliff-side mansion on the Italian Riviera. Unprepared for the consequences of their attraction, at first each feigns indifference to the other. But during the warm, languorous summer weeks that follow, unrelenting buried currents of obsession and fear, fascination and desire, intensify their passion as they test the charged ground between them. What grows from the depths of their spirits is a romance of scarcely six weeks duration and an experience that marks them for a lifetime. For what the two discover on the Riviera and on a sultry evening in Rome is the one thing both already fear they may never truly find again: total intimacy.  aRomancevAmerican literaturexLGBTQ